Udal Uruppugal

Bibliographic Details
Main Author: M. Visuvanathan
Format: Book
Published: Kuala Lumpur : Uma Publications , l987
Subjects:

MARC

LEADER 00000cam a2200000 7i4500
001 0000028634
005 20031030.0
008 031030n
090 0 0 |a JFT SIR 
100 0 |a M. Visuvanathan 
245 0 0 |a Udal Uruppugal 
260 |a Kuala Lumpur :   |b Uma Publications ,   |c l987 
300 |a l6p. :   |b ill. ;   |c 20cm. 
650 0 0 |a Literature - Tamils 
999 |a 72169   |b Buku   |c Koleksi Pinjaman Kanak-Kanak   |e Perbadanan Perpustakaan Awam Melaka